[Event "SLO-chT2 East"]
[Site "Slovenia"]
[Date "2018.10.13"]
[Round "4"]
[White "Matjasic, Matjaz"]
[Black "Kocar, Jaka"]
[Result "0-1"]
[WhiteElo "1636"]
[BlackElo "1653"]
[PlyCount "54"]
[EventDate "2018.09.15"]
[EventType "team-tourn"]
[EventRounds "9"]
[EventCountry "SLO"]
[SourceTitle "EXT 2021"]
[Source "ChessBase"]
[SourceDate "2020.10.23"]
[SourceVersion "1"]
[SourceVersionDate "2020.10.23"]
[SourceQuality "1"]
[WhiteTeam "Brezice"]
[BlackTeam "Ljutomer Radenska"]
[WhiteTeamCountry "SLO"]
[BlackTeamCountry "SLO"]

1. e4 e5 2. Nf3 Nc6 3. d4 exd4 4. Nxd4 Bc5 5. Nxc6 bxc6 6. Nd2 d6 7. Nb3 Bb6 8. c4 Nf6 9. c5 dxc5 10. Qxd8+ Kxd8 11. Bg5 h6 12. Bxf6+ gxf6 13. a4 Be6 14. 0-0-0+ Ke7 15. Nd2 Rad8 16. Bc4 Rxd2 17. Rxd2 Bxc4 18. Kc2 Ba5 19. Rdd1 Rb8 20. f3 Bb3+ 21. Kc1 Bxd1 22. Rxd1 Rb4 23. Rd3 Rxa4 24. Ra3 Rxa3 25. bxa3 c4 26. Kc2 Ke6 27. g3 Ke5 0-1

[Event "SLO-chT2 East"]
[Site "Slovenia"]
[Date "2018.09.15"]
[Round "1"]
[White "Kocar, Jaka"]
[Black "Mohar, Martin"]
[Result "1-0"]
[WhiteElo "1653"]
[BlackElo "1577"]
[PlyCount "99"]
[EventDate "2018.09.15"]
[EventType "team-tourn"]
[EventRounds "9"]
[EventCountry "SLO"]
[SourceTitle "EXT 2021"]
[Source "ChessBase"]
[SourceDate "2020.10.23"]
[SourceVersion "1"]
[SourceVersionDate "2020.10.23"]
[SourceQuality "1"]
[WhiteTeam "Ljutomer Radenska"]
[BlackTeam "Gornja Radgona"]
[WhiteTeamCountry "SLO"]
[BlackTeamCountry "SLO"]

1. e4 c5 2. Nf3 Nc6 3. c3 Nf6 4. Bd3 d5 5. Qe2 dxe4 6. Bxe4 Nxe4 7. Qxe4 g6 8. 0-0 Bf5 9. Qe3 b6 10. Ne5 Nxe5 11. Qxe5 f6 12. Qe3 Bd3 13. Re1 e5 14. b3 b5 15. Qf3 Rc8 16. a4 b4 17. Bb2 a5 18. h3 Bh6 19. cxb4 cxb4 20. Bxe5 0-0 21. Bf4 g5 22. Be3 Rc2 23. Qb7 Re8 24. Kh2 f5 25. g3 Re7 26. Qg2 Be4 27. Qf1 Qd3 28. Qxd3 Bxd3 29. Rg1 Bg7 30. Na3 bxa3 31. Rxa3 h6 32. b4 Be4 33. bxa5 Rec7 34. d3 Bf3 35. a6 Rb2 36. a7 Kf7 37. a5 f4 38. gxf4 gxf4 39. Rxg7+ Kxg7 40. Bd4+ Kg6 41. Bxb2 Rxa7 42. Bc1 Re7 43. Bxf4 h5 44. Kg3 Bd5 45. a6 Kf5 46. Ra5 Ke6 47. a7 Re8 48. Be3 Rg8+ 49. Kh4 Bf3 50. Rb5 1-0

[Event "SLO-chT U16"]
[Site "Murska Sobota"]
[Date "2018.05.12"]
[Round "3"]
[White "Kocar, Jaka"]
[Black "Dajcman, Aleksander"]
[Result "0-1"]
[WhiteElo "1536"]
[BlackElo "1466"]
[PlyCount "68"]
[EventDate "2018.05.11"]
[EventType "team-swiss"]
[EventRounds "5"]
[EventCountry "SLO"]
[SourceTitle "EXT 2020"]
[Source "ChessBase"]
[SourceDate "2019.10.17"]
[SourceVersion "1"]
[SourceVersionDate "2019.10.17"]
[SourceQuality "1"]

1. e4 e5 2. Nf3 Nc6 3. Bb5 a6 4. Ba4 Nf6 5. 0-0 b5 6. Bb3 Bc5 7. c3 Ba7 8. Re1 0-0 9. a3 d6 10. h3 Ne7 11. d4 Ng6 12. Bd2 Bb7 13. Bc2 Re8 14. Bc1 exd4 15. cxd4 Nxe4 16. Be3 Qf6 17. Nh2 c5 18. Ng4 Qh4 19. dxc5 f5 20. Nh2 Bxc5 21. Nf3 Qf6 22. Ra2 d5 23. Nbd2 Qb6 24. Bb3 Nxf2 25. Bxc5 Qxc5 26. Qc1 Rxe1+ 27. Qxe1 Nd3+ 28. Kh2 Nxe1 29. Nxe1 Qf2 30. Ndf3 Nh4 31. Nxh4 Qxh4 32. Nf3 Qf4+ 33. Kg1 Qe3+ 34. Kh2 Qxb3 0-1

[Event "SLO-chT U16"]
[Site "Murska Sobota"]
[Date "2018.05.11"]
[Round "1"]
[White "Kocar, Jaka"]
[Black "Kastelic, Amadej"]
[Result "1-0"]
[WhiteElo "1536"]
[BlackElo "1154"]
[PlyCount "57"]
[EventDate "2018.05.11"]
[EventType "team-swiss"]
[EventRounds "5"]
[EventCountry "SLO"]
[SourceTitle "EXT 2020"]
[Source "ChessBase"]
[SourceDate "2019.10.17"]
[SourceVersion "1"]
[SourceVersionDate "2019.10.17"]
[SourceQuality "1"]

1. e4 c5 2. Nf3 e6 3. c3 d5 4. Bd3 Nc6 5. 0-0 Qc7 6. Re1 Be7 7. Bc2 Nf6 8. a3 a5 9. d4 cxd4 10. cxd4 dxe4 11. Bxe4 0-0 12. Bc2 Rd8 13. Nc3 Bc5 14. Be3 e5 15. d5 Bxe3 16. Rxe3 Bg4 17. Be4 Nd4 18. h3 Nxe4 19. hxg4 Nxf3+ 20. Qxf3 Nxc3 21. Rxc3 Qd7 22. Rd1 Qb5 23. Rb3 Qd7 24. d6 Rac8 25. Rxb7 Qe6 26. d7 Rc6 27. Rb8 Rxb8 28. d8Q+ Rxd8 29. Rxd8+ 1-0

[Event "SLO-ch U14"]
[Site "Portoroz"]
[Date "2018.02.27"]
[Round "6"]
[White "Kocar, Jaka"]
[Black "Dajcman, Aleksander"]
[Result "1-0"]
[WhiteElo "1430"]
[BlackElo "1474"]
[PlyCount "61"]
[EventDate "2018.02.24"]
[EventType "swiss"]
[EventRounds "9"]
[EventCountry "SLO"]
[SourceTitle "EXT 2019"]
[Source "ChessBase"]
[SourceDate "2018.10.10"]
[SourceVersion "1"]
[SourceVersionDate "2018.10.10"]
[SourceQuality "1"]

1. e4 e5 2. Nf3 Nc6 3. Bb5 a6 4. Ba4 Nf6 5. c3 b5 6. Bc2 d5 7. exd5 Nxd5 8. 0-0 Be7 9. h3 0-0 10. Re1 f6 11. d4 exd4 12. Nxd4 Nxd4 13. Qxd4 c5 14. Qd1 Bb7 15. Be4 Ra7 16. Qc2 h6 17. Nd2 Qb6 18. Nf3 c4 19. Bf5 Bc5 20. Be6+ Kh8 21. Nh4 Ne7 22. Be3 Rd8 23. Bf7 Bd5 24. Bxc5 Qxc5 25. Rad1 Rad7 26. Rxe7 Be4 27. Rdxd7 Bxc2 28. Rxd8+ Kh7 29. Ree8 g5 30. Bg6+ Bxg6 31. Rd7+ 1-0

[Event "SLO-ch U14"]
[Site "Portoroz"]
[Date "2018.02.26"]
[Round "4"]
[White "Vaupot, Luka"]
[Black "Kocar, Jaka"]
[Result "1/2-1/2"]
[WhiteElo "1598"]
[BlackElo "1430"]
[PlyCount "109"]
[EventDate "2018.02.24"]
[EventType "swiss"]
[EventRounds "9"]
[EventCountry "SLO"]
[SourceTitle "EXT 2019"]
[Source "ChessBase"]
[SourceDate "2018.10.10"]
[SourceVersion "1"]
[SourceVersionDate "2018.10.10"]
[SourceQuality "1"]

1. d4 f5 2. Nf3 g6 3. c4 Nf6 4. g3 Bg7 5. Bg2 0-0 6. 0-0 d6 7. Nc3 c6 8. b3 Na6 9. Ba3 Nc7 10. Rc1 Bd7 11. Qc2 h6 12. Nh4 Kh7 13. e4 fxe4 14. Nxe4 Be8 15. Nxf6+ exf6 16. Rfd1 Bf7 17. b4 a6 18. Bb2 d5 19. c5 Qd7 20. f4 Rfe8 21. Re1 Re7 22. Rxe7 Qxe7 23. Nf3 Re8 24. Re1 Qd7 25. Rxe8 Qxe8 26. Kf2 Qe6 27. Nh4 Qe8 28. Qe2 Qe6 29. Qxe6 Bxe6 30. f5 Bxf5 31. Nxf5 gxf5 32. Ke3 Kg6 33. a4 h5 34. Bc3 Bh6+ 35. Kf3 Bc1 36. h4 Kf7 37. Bh3 Kg6 38. Ke2 Bh6 39. Bd2 Bxd2 40. Kxd2 Na8 41. b5 axb5 42. axb5 cxb5 43. Kc3 Nc7 44. Kb4 Ne6 45. Kxb5 Nxd4+ 46. Kb6 Nb3 47. Bg2 f4 48. gxf4 Kf5 49. Bxd5 Nxc5 50. Kxc5 Kxf4 51. Bxb7 Kg4 52. Kd4 Kxh4 53. Ke4 Kg5 54. Bc8 h4 55. Bh3 1/2-1/2

[Event "SLO-ch U14"]
[Site "Portoroz"]
[Date "2018.02.25"]
[Round "3"]
[White "Dajcman, Nikolaj"]
[Black "Kocar, Jaka"]
[Result "1/2-1/2"]
[WhiteElo "1525"]
[BlackElo "1430"]
[PlyCount "62"]
[EventDate "2018.02.24"]
[EventType "swiss"]
[EventRounds "9"]
[EventCountry "SLO"]
[SourceTitle "EXT 2019"]
[Source "ChessBase"]
[SourceDate "2018.10.10"]
[SourceVersion "1"]
[SourceVersionDate "2018.10.10"]
[SourceQuality "1"]

1. e4 e5 2. Nf3 Nc6 3. d4 exd4 4. Nxd4 Bb4+ 5. c3 Bc5 6. Be3 Bb6 7. Bc4 Nf6 8. Nd2 0-0 9. 0-0 Re8 10. f3 Ne5 11. Qe2 d6 12. Rad1 Bd7 13. Bb3 h6 14. Rfe1 Qe7 15. Nf1 Rad8 16. Ng3 Nc6 17. Ngf5 Qf8 18. Qf2 Ne7 19. Ng3 Kh8 20. Kh1 Ng6 21. Ngf5 Ne7 22. Nxe7 Qxe7 23. Qh4 Nh7 24. Qxe7 Rxe7 25. Re2 Nf6 26. Rde1 Rde8 27. Nc2 Kg8 28. Bd4 Nh5 29. Bxb6 axb6 30. Ne3 Nf6 31. Kg1 Re5 1/2-1/2

[Event "SLO-ch U14"]
[Site "Ptuj"]
[Date "2017.02.25"]
[Round "1"]
[White "Subelj, Jan"]
[Black "Kocar, Jaka"]
[Result "1-0"]
[WhiteElo "2210"]
[BlackElo "1411"]
[PlyCount "121"]
[EventDate "2017.02.25"]
[EventType "swiss"]
[EventRounds "9"]
[EventCountry "SLO"]
[SourceTitle "CBM 177 Extra"]
[Source "ChessBase"]
[SourceDate "2017.04.27"]
[SourceVersion "1"]
[SourceVersionDate "2017.04.27"]
[SourceQuality "1"]

1. e4 e5 2. Nf3 Nc6 3. Bb5 a6 4. Ba4 Nf6 5. 0-0 b5 6. Bb3 Be7 7. Re1 Bb7 8. c3 0-0 9. d4 d6 10. Nbd2 h6 11. Nf1 Re8 12. Ng3 Bf8 13. Bc2 Na7 14. dxe5 dxe5 15. Qe2 c5 16. Be3 Qc7 17. a4 Ng4 18. Bd2 c4 19. Nh4 Nf6 20. Qf3 Qd6 21. Rad1 Qe6 22. Nhf5 Kh7 23. Ne3 Nc8 24. Nd5 Nxd5 25. exd5+ g6 26. dxe6 Bxf3 27. exf7 Re7 28. gxf3 Bg7 29. Nh5 Rxf7 30. Nxg7 Kxg7 31. Rxe5 Rb8 32. axb5 axb5 33. Re6 Rb6 34. Rxb6 Nxb6 35. Be3 Nc8 36. Rd8 Rc7 37. Bf4 Rc5 38. Be4 g5 39. Be3 Rc7 40. Bd4+ Kf7 41. Rh8 Ke7 42. Rh7+ Kd8 43. Bf6+ Ne7 44. Bf5 Ke8 45. Be6 Ng8 46. Rh8 Rf7 47. Rxg8+ Rf8 48. Rxf8+ Kxf8 49. Bd7 Kf7 50. Bd4 Ke7 51. Bxb5 Kd6 52. Bxc4 Kc6 53. b4 Kd6 54. b5 Kc7 55. b6+ Kb7 56. Bd5+ Kc8 57. Bc6 Kd8 58. Bc5 Kc8 59. Bd6 g4 60. b7+ Kd8 61. b8Q# 1-0